مفهوم الحسد في القرآن الكريم وآثاره : دراسة موضوعية /
Saved in:
| 主要作者: | |
|---|---|
| 其他作者: | |
| 格式: | Thesis |
| 語言: | Arabic |
| 出版: |
Gombak, Selangor :
al-Jami'ah al-Islamiyah al-'Alamiyah bi- Maliziya,
2005
|
| 主題: | |
| 在線閱讀: | http://studentrepo.iium.edu.my/handle/123456789/9196 |
| 標簽: |
添加標簽
沒有標簽, 成為第一個標記此記錄!
|
| LEADER | 022680000a22004090004500 | ||
|---|---|---|---|
| 001 | 322742 | ||
| 005 | 20230420135244.0 | ||
| 006 | |||
| 008 | 050726s2005 my g 000 0 ara d | ||
| 035 | |a (Sirsi) 322742 | ||
| 040 | |a UIAM |b eng | ||
| 050 | 0 | 0 | |a BP134.E58 |
| 100 | 1 | |a محمد شوقى بن محمد زهير |9 35201 | |
| 242 | 1 | 0 | |a Mafhum al-hasad fi al-Qur'an al-karim wa atharuh : |b dirasah mawdu'iyah |
| 245 | 1 | 0 | |a مفهوم الحسد في القرآن الكريم وآثاره : |b دراسة موضوعية / |c إعداد محمد شوقي بن محمد زهير |
| 260 | |a Gombak, Selangor : |b al-Jami'ah al-Islamiyah al-'Alamiyah bi- Maliziya, |c 2005 | ||
| 300 | |a 133 leaves ; |c 30 cm. + |e 1 magnetic disc ( 3 1/2 in.) | ||
| 336 | |2 rdacontent | ||
| 337 | |2 rdamedia | ||
| 338 | |2 rdacarrier | ||
| 500 | |a "Bahth takmili muqaddama li-nayl darjat al-Majistir fi 'Ulum al-Wahy wa-al-Turath (Qism al-Qur'an wa-al-Sunnah)" -- On t.p | ||
| 500 | |a Abstracts in English and Arabic | ||
| 502 | |a Thesis (MIRKH) -- International Islamic University Malaysia, 2005 | ||
| 530 | |a Also available on 31/2 in. computer disk. | ||
| 650 | 0 | |a Envy |x Religious aspects Islam Qur'anic teaching |9 35202 | |
| 655 | 0 | 7 | |a Theses, IIUM local |
| 690 | 0 | |a Dissertations, Academic |x Department of Qur'an and Sunnah Studies |z IIUM | |
| 700 | 1 | 0 | |a Mohd Syauqi bin Md. Zahir |9 35203 |
| 730 | 0 | |a Mafhum al-hasad fi al-Qur'an al-karim wa atharuh : dirasah mawdu'iyah (Computer file) |9 35204 | |
| 856 | 7 | |u http://studentrepo.iium.edu.my/handle/123456789/9196 | |
| 900 | |a naw-ami-naw | ||
| 942 | |2 lcc |n 0 | ||
| 999 | |c 432165 |d 464150 | ||
| 952 | |0 0 |6 LU T BP 134 E58 M9526M 2005 |7 0 |8 THESES |9 753618 |a IIUM |b IIUM |c CLOSEACCES |g 0.00 |o lu t BP 134 E58 M9526M 2005 |p 00000931741 |r 2017-10-24 |t 1 |v 0.00 |y THESIS | ||
| 952 | |0 0 |6 LU T BP 134 E58 M9526M 2005 |7 0 |8 THESES |9 753619 |a IIUM |b IIUM |c CLOSEACCES |g 0.00 |o lu t BP 134 E58 M9526M 2005 |p 00000931740 |r 2017-10-24 |t 2 |v 0.00 |y THESIS | ||
| 952 | |0 0 |6 T BP 134 E58 M9526M 2005 |7 0 |8 THESES |9 755876 |a IIUM |b IIUM |c MULTIMEDIA |g 0.00 |o t BP 134 E58 M9526M 2005 |p 00011275168 |r 2017-10-17 |t 1 |v 0.00 |y THESIS | ||
| 952 | |0 0 |6 TS CDF BP134E58A9526M 2005 |7 0 |9 820205 |a IIUM |b IIUM |g 0.00 |o ts cdf BP134E58A9526M 2005 |p 00000931742 |r 1900-01-02 |t 1 |v 0.00 |y BOOKSTRICT | ||
